000 00182 a2200097 4500
020 _a9780153150814
041 _aspa
100 _aHarcourt
245 _aVamos de fiesta!
942 _cBK
999 _c11038
_d11038